[Event "59. BEM 2005"]
[Site "Dortmund"]
[Date "2005.03.17"]
[Round "9"]
[White "Szyszka, Arkadiusz"]
[Black "Ziperstein, Jakob"]
[Result "1-0"]
[WhiteElo "1865"]
[BlackElo "1902"]
[PlyCount "93"]
[EventDate "2005.??.??"]
[Source "SG Dortmund"]
[SourceDate "2004.12.16"]

1. d4 Nf6 2. c4 g6 3. Nc3 Bg7 4. e4 O-O 5. e5 Ne8 6. f4 d6 7. Nf3 c5 8. dxc5
Qa5 9. cxd6 exd6 10. Qa4 Qd8 11. Bd2 Bd7 12. Qb3 dxe5 13. O-O-O Nc6 14. fxe5
Na5 15. Qb4 Nc6 16. Qc5 b6 17. Qf2 Nc7 18. Bg5 Qc8 19. Qd2 Bf5 20. Bf6 Re8 21.
Bxg7 Kxg7 22. Qf4 Rd8 23. Be2 h6 24. g4 Be6 25. Nh4 Ne8 26. Qe4 Na5 27. b3 Qc5
28. Kb2 Rac8 29. Rxd8 Rxd8 30. Rd1 Rc8 31. Nf3 Qb4 32. Nd5 Bxd5 33. Qxd5 Qe7
34. h4 Qb4 35. e6 Nf6 36. Qd4 Nc6 37. Qf4 Qe7 38. g5 hxg5 39. Nxg5 fxe6 40. h5
gxh5 41. Rg1 Ng4 42. Bxg4 hxg4 43. Ne4 Rg8 44. Rxg4+ Kh8 45. Qh2+ Qh7 46. Qxh7+
Kxh7 47. Nf6+ 1-0

[Event "59. BEM 2005"]
[Site "Dortmund"]
[Date "2005.03.17"]
[Round "9"]
[White "Büchle, Manfred"]
[Black "Barskij, Aleksandr"]
[Result "0-1"]
[WhiteElo "1874"]
[BlackElo "1825"]
[PlyCount "54"]
[EventDate "2005.??.??"]
[Source "SG Dortmund"]
[SourceDate "2004.12.16"]

1. e4 c5 2. Nf3 Nc6 3. Bb5 e6 4. Bxc6 bxc6 5. e5 f6 6. O-O Nh6 7. d3 Nf7 8. Re1
Be7 9. c4 O-O 10. exf6 Bxf6 11. Nc3 d5 12. Qc2 Qd6 13. Bd2 Ne5 14. Nxe5 Bxe5
15. g3 Bd4 16. Be3 e5 17. cxd5 cxd5 18. Nb5 Qb6 19. Bxd4 exd4 20. Na3 c4 21.
dxc4 d3 22. Qd2 Bh3 23. Re3 dxc4 24. g4 Bxg4 25. Nxc4 Qf6 26. Ne5 Be2 27. Qa5
Qxf2+ 0-1

[Event "59. BEM 2005"]
[Site "Dortmund"]
[Date "2005.03.17"]
[Round "9"]
[White "Goldschmidt, Christian"]
[Black "Ziemek, Gerhard"]
[Result "1-0"]
[WhiteElo "2070"]
[BlackElo "1694"]
[PlyCount "43"]
[EventDate "2005.??.??"]
[Source "SG Dortmund"]
[SourceDate "2004.12.16"]

1. e4 e5 2. Nf3 Nc6 3. Bc4 Be7 4. c3 Nf6 5. d3 d6 6. Nbd2 a6 7. Bb3 O-O 8. h3
b5 9. O-O Bb7 10. Re1 Qd7 11. Nf1 Na5 12. Bc2 c5 13. Ng3 Nc6 14. d4 cxd4 15.
cxd4 exd4 16. Nxd4 Rac8 17. Be3 Ne5 18. Ndf5 Nc4 19. Bd4 Ne5 20. Bxe5 Rxc2 21.
Nxe7+ Qxe7 22. Bxf6 1-0

[Event "59. BEM 2005"]
[Site "Dortmund"]
[Date "2005.03.17"]
[Round "9"]
[White "Gorzinski, Dariusz"]
[Black "Martini, Heiko"]
[Result "1-0"]
[WhiteElo "1885"]
[BlackElo "1481"]
[PlyCount "75"]
[EventDate "2005.??.??"]
[Source "SG Dortmund"]
[SourceDate "2004.12.16"]

1. c4 e5 2. g3 Nf6 3. Bg2 c6 4. Nc3 Bb4 5. Nf3 d6 6. O-O O-O 7. d3 Be6 8. Ng5
h6 9. Nxe6 fxe6 10. Qb3 Qa5 11. Bd2 Bxc3 12. Bxc3 Qc7 13. Qc2 d5 14. e3 Nbd7
15. b4 Rf7 16. Rac1 c5 17. bxc5 Qxc5 18. d4 Qxc4 19. dxe5 Ng4 20. Qd2 Qa6 21.
f4 h5 22. Bd4 Nh6 23. e4 dxe4 24. Bxe4 Nb6 25. Bd3 Qa4 26. Bxb6 axb6 27. Bg6
Rd7 28. Qc2 Qxc2 29. Rxc2 Nf5 30. Rfc1 Rdd8 31. Rc7 Rxa2 32. Bf7+ Kh7 33. Bxe6
Nd4 34. Bxa2 Ne2+ 35. Kf1 Nxc1 36. Rxc1 Rd2 37. Bb1+ Kh6 38. Be4 1-0

[Event "59. BEM 2005"]
[Site "Dortmund"]
[Date "2005.03.17"]
[Round "9"]
[White "Krüger, Georg"]
[Black "Raabe, Heinz"]
[Result "1/2-1/2"]
[WhiteElo "1706"]
[BlackElo "1858"]
[PlyCount "48"]
[EventDate "2005.??.??"]
[Source "SG Dortmund"]
[SourceDate "2004.12.16"]

1. Nf3 c5 2. e4 a6 3. c3 d6 4. d4 cxd4 5. cxd4 e6 6. Bd3 Nf6 7. Nc3 Be7 8. O-O
O-O 9. Be3 Nbd7 10. Rc1 b5 11. a3 Bb7 12. Qe2 Rc8 13. h3 d5 14. e5 Ne4 15. Bxe4
dxe4 16. Nd2 f5 17. exf6 Nxf6 18. Rfd1 b4 19. axb4 Bxb4 20. Nb3 Nd5 21. Nc5
Bxc5 22. dxc5 Qh4 23. Nxd5 exd5 24. b4 Qf6 1/2-1/2

[Event "59. BEM 2005"]
[Site "Dortmund"]
[Date "2005.03.17"]
[Round "9"]
[White "Ewers, Christian"]
[Black "Grube, Jörg"]
[Result "0-1"]
[WhiteElo "1671"]
[BlackElo "1819"]
[PlyCount "44"]
[EventDate "2005.??.??"]
[Source "SG Dortmund"]
[SourceDate "2004.12.16"]

1. e4 e5 2. Nc3 Nf6 3. f4 d5 4. fxe5 Nxe4 5. Nf3 Nc6 6. d3 Nxc3 7. bxc3 d4 8.
cxd4 Nxd4 9. c3 Nb5 10. Qb3 c6 11. d4 Be6 12. Bc4 Bxc4 13. Qxc4 Qd5 14. Qd3 Na3
15. O-O Nc4 16. Ng5 Be7 17. e6 fxe6 18. Nxh7 O-O-O 19. Ng5 Bxg5 20. Bxg5 Qxg5
21. Qxc4 Qe3+ 22. Kh1 Rxh2+ 0-1

[Event "59. BEM 2005"]
[Site "Dortmund"]
[Date "2005.03.17"]
[Round "9"]
[White "Kolodziej, Dennis"]
[Black "Iwannek, Ralf"]
[Result "0-1"]
[WhiteElo "1644"]
[BlackElo "1718"]
[PlyCount "44"]
[EventDate "2005.??.??"]
[Source "SG Dortmund"]
[SourceDate "2004.12.16"]

1. c4 c5 2. Nf3 Nc6 3. b3 e6 4. e3 Nf6 5. Bb2 Be7 6. d4 d5 7. Nbd2 O-O 8. Rc1
cxd4 9. Nxd4 Bd7 10. Bd3 Ne5 11. Bb1 dxc4 12. Nxe6 Bxe6 13. Bxe5 cxb3 14. Nxb3
Bb4+ 15. Bc3 Qxd1+ 16. Kxd1 Rfd8+ 17. Nd4 Nd5 18. Bb2 Bd7 19. Ke2 Rac8 20. Be4
Bc3 21. Bxc3 Nxc3+ 22. Kd3 Bb5+ 0-1

[Event "59. BEM 2005"]
[Site "Dortmund"]
[Date "2005.03.17"]
[Round "9"]
[White "Gülicher, Michael"]
[Black "Krause, Dieter"]
[Result "0-1"]
[WhiteElo "1540"]
[BlackElo "1835"]
[PlyCount "48"]
[EventDate "2005.??.??"]
[Source "SG Dortmund"]
[SourceDate "2004.12.16"]

1. e4 g6 2. g3 Bg7 3. Bg2 c6 4. d3 d5 5. Nd2 Nf6 6. f4 dxe4 7. dxe4 O-O 8. Ngf3
Qb6 9. Qe2 Nbd7 10. Nc4 Qa6 11. h3 Nh5 12. Kf2 Nb6 13. Bf1 Be6 14. Nxb6 Qxb6+
15. Kg2 c5 16. Qb5 Qd6 17. Be3 b6 18. c3 Bd7 19. Qd3 Qc7 20. Be2 Bc6 21. Rac1
Qb7 22. e5 f6 23. e6 Rad8 24. Qa6 Bxf3+ 0-1

[Event "59. BEM 2005"]
[Site "Dortmund"]
[Date "2005.03.17"]
[Round "9"]
[White "Flierdl, Lothar"]
[Black "Volmer, Martin"]
[Result "1/2-1/2"]
[WhiteElo "1634"]
[BlackElo "1772"]
[PlyCount "92"]
[EventDate "2005.??.??"]
[Source "SG Dortmund"]
[SourceDate "2004.12.16"]

1. d4 d5 2. Nf3 Nf6 3. e3 c5 4. Bb5+ Bd7 5. Bxd7+ Nbxd7 6. O-O e6 7. b3 Bd6 8.
Bb2 O-O 9. Nbd2 cxd4 10. Nxd4 a6 11. c4 Rc8 12. cxd5 exd5 13. Nf5 Be5 14. Rb1
Bxb2 15. Rxb2 Ne5 16. Nf3 Nc6 17. Qe2 Re8 18. Rd1 Ne4 19. Rc2 Qd7 20. N3d4 Nxd4
21. Nxd4 Nc3 22. Rxc3 Rxc3 23. Qh5 Rec8 24. h3 Rc1 25. Kh2 Rxd1 26. Qxd1 Qd6+
27. g3 Qf6 28. Kg2 Qg6 29. a4 Qe4+ 30. Kh2 Rc3 31. h4 g6 32. Qd2 Qd3 33. Qb2
Rc8 34. Kg2 Qc3 35. Qe2 Qc7 36. Qg4 Re8 37. Qg5 Qe5 38. Qh6 Qe4+ 39. Kh2 Rc8
40. Qg5 Rc1 41. f3 Qb1 42. Qd8+ Kg7 43. Ne6+ fxe6 44. Qe7+ Kg8 45. Qe8+ Kg7 46.
Qe7+ Kg8 1/2-1/2

[Event "59. BEM 2005"]
[Site "Dortmund"]
[Date "2005.03.17"]
[Round "9"]
[White "Sonntag, Joachim"]
[Black "Wiemann, Peter"]
[Result "1-0"]
[WhiteElo "1757"]
[BlackElo "1581"]
[PlyCount "41"]
[EventDate "2005.??.??"]
[Source "SG Dortmund"]
[SourceDate "2004.12.16"]

1. e4 d5 2. exd5 Qxd5 3. Nc3 Qa5 4. d4 c6 5. Nf3 Nf6 6. Bd2 Bf5 7. Bc4 e6 8.
O-O Bd6 9. Re1 Qc7 10. h3 Nbd7 11. d5 cxd5 12. Bxd5 Nxd5 13. Nxd5 Qxc2 14. Bc3
Qxd1 15. Raxd1 O-O-O 16. Ne3 Bf8 17. Bd4 Kb8 18. Be5+ Ka8 19. Bc7 Bb4 20. Re2
Be7 21. Nxf5 1-0

[Event "59. BEM 2005"]
[Site "Dortmund"]
[Date "2005.03.17"]
[Round "9"]
[White "Orlowski, Wilfried"]
[Black "Duschek, Günter"]
[Result "0-1"]
[WhiteElo "1611"]
[BlackElo "1719"]
[PlyCount "112"]
[EventDate "2005.??.??"]
[Source "SG Dortmund"]
[SourceDate "2004.12.16"]

1. c4 c6 2. Nc3 d5 3. e3 Nf6 4. d4 Bf5 5. Nf3 e6 6. h3 Bb4 7. Bd2 h6 8. a3 Bd6
9. cxd5 exd5 10. Nh4 Bh7 11. Be2 Ne4 12. Nxe4 dxe4 13. g3 Qc7 14. Rg1 Nd7 15.
Qb3 Qb6 16. Bc4 Qxb3 17. Bxb3 a5 18. f4 g5 19. Ng2 a4 20. Bc2 Nf6 21. g4 gxf4
22. exf4 c5 23. dxc5 Bxc5 24. Be3 Bxe3 25. Nxe3 b5 26. O-O-O Ke7 27. Nd5+ Nxd5
28. Rxd5 Rhc8 29. Rxb5 Rc4 30. f5 Rac8 31. Rg2 R8c7 32. Re2 Kf6 33. Kb1 Re7 34.
Re3 Kg5 35. Ra5 Kf4 36. Re1 h5 37. Rxa4 Rxa4 38. Bxa4 hxg4 39. hxg4 Kxg4 40.
Bb5 Bxf5 41. a4 e3+ 42. Kc1 Kg3 43. Kd1 Bg4+ 44. Kc2 f5 45. Be2 Bxe2 46. Rxe2
Kf3 47. Re1 Kf2 48. Rh1 Rd7 49. Rh2+ Kg3 50. Re2 f4 51. a5 Kf3 52. Rh2 e2 53.
Rh1 Kg2 54. Re1 Kf2 55. Rh1 e1=Q 56. Rxe1 Kxe1 0-1

[Event "59. BEM 2005"]
[Site "Dortmund"]
[Date "2005.03.17"]
[Round "9"]
[White "Völler, Lothar"]
[Black "Raskin, Vitali"]
[Result "0-1"]
[WhiteElo "1565"]
[BlackElo "1670"]
[PlyCount "140"]
[EventDate "2005.??.??"]
[Source "SG Dortmund"]
[SourceDate "2004.12.16"]

1. e4 e5 2. Nf3 Nc6 3. Bb5 a6 4. Bxc6 dxc6 5. O-O f6 6. Nxe5 fxe5 7. Qh5+ Ke7
8. Qxe5+ Be6 9. d4 Qd6 10. Qg5+ Kd7 11. c3 h6 12. Qe3 Rd8 13. b3 Kc8 14. f4 g6
15. Bb2 Bg7 16. Nd2 Qe7 17. Rad1 Nf6 18. h3 Rhe8 19. Rfe1 Bf5 20. e5 Nd5 21.
Qf2 Rf8 22. c4 Nb4 23. Ba3 a5 24. d5 c5 25. Bxb4 axb4 26. Nf3 g5 27. d6 Qe8 28.
Qxc5 Qc6 29. Qxc6 bxc6 30. g4 Bc2 31. Rd2 Rxf4 32. Nd4 Rxd4 33. Rxd4 cxd6 34.
Rd2 Bg6 35. Rxd6 Rxd6 36. exd6 Bd4+ 37. Kh2 Kd7 38. Rd1 c5 39. Kg3 Kxd6 40. h4
Ke5 41. Re1+ Be4 42. hxg5 hxg5 43. Re2 Bc3 44. Rh2 Kd4 45. Rh6 Ke3 46. Re6 Be1+
47. Kh3 Bd2 48. Kg3 Kd3 49. Rd6+ Kc3 50. Kf2 Bf4 51. Re6 Bc2 52. Rc6 Be5 53.
Ke2 Bd4 54. Rc7 Kb2 55. Rc8 Kxa2 56. Rg8 Kxb3 57. Rxg5 Kxc4 58. Rg8 b3 59. Kd2
Be5 60. Re8 Bf4+ 61. Ke2 b2 62. Kf3 b1=Q 63. Kxf4 Qf1+ 64. Kg3 Qf7 65. Re3 Kd4
66. Rf3 Qc7+ 67. Kh4 Bd1 68. Rf6 Qh2+ 69. Kg5 Qe5+ 70. Rf5 Qg7+ 0-1

[Event "59. BEM 2005"]
[Site "Dortmund"]
[Date "2005.03.17"]
[Round "9"]
[White "Benke, Werner"]
[Black "Rzoczek, Christoph"]
[Result "1-0"]
[WhiteElo "1648"]
[BlackElo "1607"]
[PlyCount "101"]
[EventDate "2005.??.??"]
[Source "SG Dortmund"]
[SourceDate "2004.12.16"]

1. e4 d5 2. exd5 Qxd5 3. Nc3 Qa5 4. d4 Nf6 5. Nf3 c6 6. h3 e6 7. Be2 Be7 8. O-O
O-O 9. Bd2 Qc7 10. Bd3 Nbd7 11. Ne2 c5 12. c3 c4 13. Bc2 b6 14. Ng3 Bd6 15. Ne4
Nxe4 16. Bxe4 Bb7 17. Qe2 Bxe4 18. Qxe4 Nf6 19. Qh4 Rfe8 20. Bg5 Be7 21. Rfe1
Nd5 22. Qg4 Bxg5 23. Nxg5 h6 24. Nf3 Qf4 25. Re4 Qxg4 26. Rxg4 f5 27. Rh4 Rf8
28. Re1 Rf6 29. g3 g5 30. Rh5 Kg7 31. Ne5 Re8 32. Kg2 b5 33. a3 f4 34. h4 f3+
35. Kg1 Rf5 36. hxg5 Rxg5 37. Rxg5+ hxg5 38. Nxf3 Kf6 39. Re5 Rg8 40. Nd2 a6
41. Ne4+ Ke7 42. Nxg5 Rg6 43. Kg2 Nb6 44. Ne4 Na4 45. Nc5 Nxb2 46. Nxa6 Nd1 47.
Rxb5 Rf6 48. f4 Nxc3 49. Rc5 Nd5 50. Nb4 Kd7 51. Kf3 1-0

[Event "59. BEM 2005"]
[Site "Dortmund"]
[Date "2005.03.17"]
[Round "9"]
[White "Skoecz, Horst"]
[Black "Morgenroth, Hubertus"]
[Result "1/2-1/2"]
[WhiteElo "1455"]
[BlackElo "1724"]
[PlyCount "65"]
[EventDate "2005.??.??"]
[Source "SG Dortmund"]
[SourceDate "2004.12.16"]

1. e4 e5 2. Nf3 Nc6 3. Bc4 Be7 4. d4 exd4 5. Nxd4 Nf6 6. Nxc6 dxc6 7. Bd3 Bg4
8. f3 Be6 9. Be3 Nd7 10. c3 Nc5 11. Bxc5 Bxc5 12. Qe2 Qg5 13. Nd2 O-O-O 14. b4
Be3 15. Nf1 Bb6 16. a4 a5 17. h4 Qe5 18. Qc2 axb4 19. Rc1 bxc3 20. g3 Qc5 21.
Rh2 Rxd3 22. Qxd3 Bc4 23. Qe3 Qb4 24. Qg5 Rd8 25. Rhc2 Qxa4 26. Qxg7 Bd3 27.
Rxc3 Ba5 28. Nd2 Bxc3 29. Qxc3 Qd4 30. Qxd4 Rxd4 31. Kf2 Kd7 32. Rc5 h6 33. Ke3
1/2-1/2

[Event "59. BEM 2005"]
[Site "Dortmund"]
[Date "2005.03.17"]
[Round "9"]
[White "Ludwig, Erwin"]
[Black "Klein, Hans-Joachim"]
[Result "0-1"]
[WhiteElo "1437"]
[BlackElo "1709"]
[PlyCount "112"]
[EventDate "2005.??.??"]
[Source "SG Dortmund"]
[SourceDate "2004.12.16"]

1. Nf3 d5 2. d3 c5 3. g3 Nc6 4. Bg2 e5 5. Nbd2 Bd6 6. c4 d4 7. b3 f5 8. a3 Nf6
9. Rb1 O-O 10. O-O Nh5 11. Re1 g5 12. Bb2 g4 13. Nh4 Be7 14. Bd5+ Kh8 15. Ng2
Bd7 16. Rf1 Nf6 17. e4 f4 18. Bc1 f3 19. Ne1 h5 20. Ndxf3 gxf3 21. Nxf3 Bg4 22.
Bh6 Nh7 23. Bxf8 Qxf8 24. Nxe5 Nxe5 25. Qc2 Qf3 26. Qd1 Ng5 27. h4 Nh3+ 28. Kh2
Rf8 29. Qd2 Qf6 30. f4 Nf3+ 31. Rxf3 Bxf3 32. Kxh3 Qg6 33. Rg1 Qg4+ 34. Kh2
Bxh4 35. Qf2 Be7 36. b4 Rf6 37. e5 Bxd5 38. exf6 Be6 39. Qg2 Bxf6 40. Re1 Bd7
41. b5 Qf5 42. Re4 a6 43. a4 Be6 44. Kg1 Qg4 45. Kf2 h4 46. Qf3 hxg3+ 47. Ke2
Qh3 48. Rxe6 Qxe6+ 49. Kf1 Qh3+ 50. Qg2 Qxg2+ 51. Kxg2 Bh4 52. Kf3 Kg7 53. Kg2
Kf6 54. Kf3 Kf5 55. a5 g2 56. Kxg2 Kxf4 0-1

[Event "59. BEM 2005"]
[Site "Dortmund"]
[Date "2005.03.17"]
[Round "9"]
[White "Noori, Mir Ahmad"]
[Black "Ruchay, Dietrich"]
[Result "0-1"]
[WhiteElo "1627"]
[BlackElo "1460"]
[PlyCount "82"]
[EventDate "2005.??.??"]
[Source "SG Dortmund"]
[SourceDate "2004.12.16"]

1. d4 Nf6 2. Nf3 d5 3. e3 e6 4. a3 c5 5. b3 cxd4 6. Nxd4 g6 7. Bb2 Bg7 8. Nd2
O-O 9. Be2 Nc6 10. O-O Nxd4 11. Bxd4 b6 12. Nf3 Bb7 13. a4 Nd7 14. Bxg7 Kxg7
15. Qd4+ Qf6 16. Qd2 Rac8 17. c4 Nc5 18. Rab1 Rfd8 19. cxd5 Rxd5 20. Qe1 Nd3
21. Bxd3 Rxd3 22. Nd4 Qg5 23. f3 Qxe3+ 24. Qxe3 Rxe3 25. Rf2 Rd3 26. Ne2 Rcd8
27. Nf4 Rd1+ 28. Rf1 Rxf1+ 29. Kxf1 g5 30. Nh3 Kg6 31. Rb2 Rd1+ 32. Kf2 Ba6 33.
f4 h6 34. fxg5 hxg5 35. Ke3 f5 36. Nf2 Re1+ 37. Kf3 Bb7+ 38. Ne4 Bxe4+ 39. Kf2
Rb1 40. Rd2 Rxb3 41. Rd7 a5 0-1

[Event "59. BEM 2005"]
[Site "Dortmund"]
[Date "2005.03.17"]
[Round "9"]
[White "Mueller, Siegfried"]
[Black "Riemann, Kai"]
[Result "1/2-1/2"]
[WhiteElo "1434"]
[BlackElo "1593"]
[PlyCount "37"]
[EventDate "2005.??.??"]
[Source "SG Dortmund"]
[SourceDate "2004.12.16"]

1. Nf3 d5 2. d4 Nf6 3. c4 c6 4. Nc3 g6 5. Bg5 Nbd7 6. cxd5 cxd5 7. e3 a6 8. a4
Bg7 9. Bd3 O-O 10. O-O Re8 11. Qc2 b6 12. h3 Bb7 13. Bf4 Rc8 14. Qb3 e6 15.
Rfc1 Rc6 16. Ne2 Qa8 17. Rxc6 Bxc6 18. Rc1 Rc8 19. Bh2 1/2-1/2

[Event "59. BEM 2005"]
[Site "Dortmund"]
[Date "2005.03.17"]
[Round "9"]
[White "Raszelenberg, Patrick"]
[Black "Gegner, Michael"]
[Result "1/2-1/2"]
[WhiteElo "1585"]
[BlackElo "1397"]
[PlyCount "84"]
[EventDate "2005.??.??"]
[Source "SG Dortmund"]
[SourceDate "2004.12.16"]

1. d4 Nf6 2. c4 e5 3. d5 d6 4. Nc3 Be7 5. e4 O-O 6. f3 Ne8 7. Be3 f5 8. Qd2 Nf6
9. b4 fxe4 10. fxe4 Ng4 11. Bd3 Nd7 12. Nf3 Nxe3 13. Qxe3 Nf6 14. O-O-O Bg4 15.
Kb1 a5 16. b5 c6 17. h3 Bd7 18. g4 cxb5 19. Nxb5 Bxb5 20. cxb5 b6 21. Rc1 Nd7
22. h4 Rc8 23. Rc6 Nb8 24. Rc2 Rxc2 25. Bxc2 Nd7 26. Ng5 Bxg5 27. hxg5 g6 28.
Qh3 Rf7 29. Qh4 Nc5 30. Rh2 Qd7 31. a4 Rf4 32. Rf2 Rxg4 33. Qh2 Rxg5 34. Rf6
Rg4 35. Qf2 Nxe4 36. Bxe4 Rxe4 37. Qxb6 Rb4+ 38. Kc2 Kg7 39. Qxd6 Rc4+ 40. Kd2
Rd4+ 41. Kc2 Rc4+ 42. Kb3 Rb4+ 1/2-1/2

[Event "59. BEM 2005"]
[Site "Dortmund"]
[Date "2005.03.17"]
[Round "9"]
[White "Sellin, Reinhard"]
[Black "Baier, Jörg"]
[Result "1-0"]
[WhiteElo "1509"]
[BlackElo "1401"]
[PlyCount "67"]
[EventDate "2005.??.??"]
[Source "SG Dortmund"]
[SourceDate "2004.12.16"]

1. d4 Nf6 2. Nf3 g6 3. h3 Bg7 4. Bg5 O-O 5. Nbd2 d6 6. e4 h6 7. Bf4 Nbd7 8. Bd3
Nh5 9. Bh2 e5 10. d5 Nf4 11. Bxf4 exf4 12. c3 Ne5 13. Nxe5 dxe5 14. Qe2 a6 15.
O-O-O f5 16. exf5 gxf5 17. f3 b5 18. Bc2 Bb7 19. Bb3 Qd6 20. g4 Bxd5 21. Bxd5+
Qxd5 22. Nb3 Qe6 23. Rd2 fxg4 24. hxg4 Rae8 25. Qe4 Rd8 26. Rhd1 Rxd2 27. Rxd2
a5 28. Nc5 Qxa2 29. Rd7 Qc4 30. Qg6 Qf1+ 31. Kc2 Qe2+ 32. Rd2 Qc4 33. Ne6 Qa4+
34. Kb1 1-0

[Event "59. BEM 2005"]
[Site "Dortmund"]
[Date "2005.03.17"]
[Round "9"]
[White "Werner, Patrick"]
[Black "Werninghaus, Klaus-Peter"]
[Result "1/2-1/2"]
[WhiteElo "1425"]
[BlackElo "1533"]
[PlyCount "42"]
[EventDate "2005.??.??"]
[Source "SG Dortmund"]
[SourceDate "2004.12.16"]

1. e4 c6 2. d4 d5 3. Nd2 dxe4 4. Nxe4 Bf5 5. Ng3 Bg6 6. Nf3 Nd7 7. Be3 Ngf6 8.
Bc4 e6 9. O-O Bd6 10. Ne2 Qc7 11. h3 h6 12. Nc3 O-O 13. Nh4 Bh7 14. f4 Ne4 15.
Nxe4 Bxe4 16. Qe2 Nf6 17. g4 Nd5 18. Bd2 Bh7 19. Rf2 Bxf4 20. Bxf4 Nxf4 21. Qe3
Nd5 1/2-1/2

[Event "59. BEM 2005"]
[Site "Dortmund"]
[Date "2005.03.17"]
[Round "9"]
[White "Merle, Peter"]
[Black "Schrimpl, Michael"]
[Result "1-0"]
[WhiteElo "1486"]
[BlackElo "1414"]
[PlyCount "103"]
[EventDate "2005.??.??"]
[Source "SG Dortmund"]
[SourceDate "2004.12.16"]

1. e4 e6 2. d4 d5 3. exd5 exd5 4. Nf3 Nc6 5. Be2 Nf6 6. Nc3 Bb4 7. O-O O-O 8.
Bg5 Re8 9. h3 a6 10. Be3 Bd6 11. a3 Ne7 12. Bg5 Ne4 13. Be3 Nxc3 14. bxc3 Ng6
15. c4 Nf4 16. Bxf4 Bxf4 17. cxd5 Qxd5 18. c4 Qd6 19. Bd3 Qh6 20. Re1 Bxh3 21.
Ne5 Qg5 22. Qf3 Bxg2 23. Qxg2 Qxg2+ 24. Kxg2 Bd2 25. Rh1 g6 26. Ng4 Kg7 27. Ra2
Bc3 28. d5 Rac8 29. Re2 h5 30. Ne3 Bd4 31. Rhe1 Bxe3 32. Rxe3 Rxe3 33. Rxe3 Kf6
34. c5 Kg5 35. a4 f5 36. Re6 Rd8 37. Bc4 Rd7 38. c6 bxc6 39. Rxc6 a5 40. Ra6 h4
41. Rxa5 Kg4 42. Be2+ Kf4 43. Rc5 g5 44. a5 Re7 45. Bf1 h3+ 46. Kxh3 Kf3 47.
Bg2+ Kxf2 48. Rc2+ Ke3 49. a6 Rh7+ 50. Kg3 Rh4 51. Rc3+ Kd4 52. Ra3 1-0

[Event "59. BEM 2005"]
[Site "Dortmund"]
[Date "2005.03.17"]
[Round "9"]
[White "Schaefer, Ulrich"]
[Black "Pachura, Karl-Heinz"]
[Result "1-0"]
[WhiteElo "1475"]
[BlackElo "1274"]
[PlyCount "125"]
[EventDate "2005.??.??"]
[Source "SG Dortmund"]
[SourceDate "2004.12.16"]

1. e4 e5 2. Nf3 Nc6 3. Nc3 Nf6 4. Bb5 d6 5. d4 exd4 6. Nxd4 Bd7 7. Bxc6 bxc6 8.
O-O Be7 9. Bf4 a6 10. e5 dxe5 11. Bxe5 c5 12. Nf3 O-O 13. Re1 c6 14. Qe2 Be6
15. Rad1 Qb6 16. b3 h6 17. Ne4 Nxe4 18. Qxe4 Bd5 19. Qf4 Qb4 20. c4 Be6 21. Qg3
f6 22. Bf4 Rfd8 23. Bxh6 g5 24. Nxg5 fxg5 25. Qe5 Bf8 26. Qxe6+ Kh7 27. Bxg5
Rxd1 28. Rxd1 Qc3 29. Qf5+ Kg8 30. Qe6+ Kh7 31. h4 Ra7 32. h5 Qc2 33. Rd7+ Rxd7
34. Qxd7+ Kg8 35. Qe6+ Kh7 36. Qf7+ Bg7 37. h6 Qd1+ 38. Kh2 Qd6+ 39. Bf4 Qg6
40. Qxg7+ Qxg7 41. hxg7 Kxg7 42. Kg3 Kf6 43. Kf3 Kf5 44. g4+ Kg6 45. Bd6 a5 46.
Bxc5 Kg5 47. Bb6 c5 48. Bxa5 Kg6 49. Bb6 Kg5 50. a4 Kf6 51. a5 Ke5 52. a6 Kd4
53. a7 Kc3 54. a8=Q Kb4 55. Qa4+ Kc3 56. Ke3 Kb2 57. Bxc5 Kc2 58. b4+ Kc3 59.
b5 Kb2 60. Bd4+ Kb1 61. Qb3+ Kc1 62. Qb2+ Kd1 63. Qd2# 1-0

[Event "59. BEM 2005"]
[Site "Dortmund"]
[Date "2005.03.17"]
[Round "9"]
[White "Sroka, Andreas"]
[Black "Kartsev, Alexandr"]
[Result "0-1"]
[WhiteElo "1230"]
[BlackElo "1494"]
[PlyCount "38"]
[EventDate "2005.??.??"]
[Source "SG Dortmund"]
[SourceDate "2004.12.16"]

1. Nf3 f5 2. c4 Nf6 3. Nc3 g6 4. b3 Bg7 5. Bb2 O-O 6. g3 Nc6 7. Bg2 e5 8. d3 d6
9. Qc2 Bd7 10. O-O f4 11. Bc1 Nh5 12. Ne4 Bg4 13. h3 Bxf3 14. Bxf3 Nd4 15. Qd1
Nxf3+ 16. exf3 fxg3 17. fxg3 d5 18. cxd5 Qxd5 19. Qc2 Qd4+ 0-1

[Event "59. BEM 2005"]
[Site "Dortmund"]
[Date "2005.03.17"]
[Round "9"]
[White "Kuckelke, Jürgen"]
[Black "Krüger, Inge"]
[Result "1-0"]
[WhiteElo "1263"]
[BlackElo "1307"]
[PlyCount "69"]
[EventDate "2005.??.??"]
[Source "SG Dortmund"]
[SourceDate "2004.12.16"]

1. e4 e6 2. d4 d5 3. Nc3 Nf6 4. e5 Nfd7 5. f4 c5 6. Nf3 Nc6 7. Ne2 Be7 8. c3
O-O 9. Be3 h6 10. Ng3 c4 11. Be2 b5 12. O-O a5 13. Qc2 b4 14. f5 exf5 15. Nxf5
Bg5 16. Nxg5 hxg5 17. Nd6 Ndxe5 18. Nxc8 Rxc8 19. dxe5 Nxe5 20. Bd4 f6 21. Qf5
Qe8 22. Rae1 g6 23. Qh3 Rc7 24. Bb6 Rh7 25. Qe3 bxc3 26. Qxc3 a4 27. Bd1 Qb8
28. Qd4 Nf3+ 29. Rxf3 Qxh2+ 30. Kf2 Qd6 31. Bc5 Rh4 32. Bxd6 Rxd4 33. Bxf8 Rd2+
34. Ke3 Rd3+ 35. Ke2 1-0

[Event "59. BEM 2005"]
[Site "Dortmund"]
[Date "2005.03.17"]
[Round "9"]
[White "Hast, Stefan"]
[Black "Gennat, Egon L"]
[Result "1/2-1/2"]
[WhiteElo "1131"]
[BlackElo "1287"]
[PlyCount "136"]
[EventDate "2005.??.??"]
[Source "SG Dortmund"]
[SourceDate "2004.12.16"]

1. e4 e5 2. Nf3 Nf6 3. Nxe5 d6 4. Nf3 Nxe4 5. Bc4 d5 6. Qe2 dxc4 7. Qxe4+ Qe7
8. Qxe7+ Bxe7 9. b3 Be6 10. Bb2 O-O 11. O-O Nd7 12. Re1 Rfe8 13. Ne5 Rad8 14.
Nxc4 Bxc4 15. bxc4 Nc5 16. d3 Ne6 17. Nd2 Bc5 18. Rab1 Nf4 19. Kf1 c6 20. g3
Nh3 21. f3 Ng5 22. Kg2 Ne6 23. Bc3 Re7 24. f4 Rde8 25. Nf3 f6 26. f5 Nd8 27.
Rxe7 Rxe7 28. Re1 Kf7 29. d4 Rxe1 30. Nxe1 Bb6 31. Nd3 Ke7 32. Bb4+ Kf7 33. c3
Bc7 34. Kf3 b6 35. Ba3 Nb7 36. Nb4 c5 37. Nd5 Bd6 38. Bc1 Na5 39. Ne3 Nc6 40.
Ke4 Ne7 41. Nd5 Nc6 42. Kd3 Ne7 43. Ke4 Nc6 44. Bf4 Bxf4 45. Nxf4 Ke7 46. Kd5
Kd7 47. Ne6 Ne7+ 48. Ke4 g6 49. g4 Kd6 50. Nf8 gxf5+ 51. gxf5 h5 52. Ng6 Ng8
53. h4 a6 54. Nf4 b5 55. cxb5 axb5 56. d5 b4 57. c4 Ne7 58. Nxh5 Nxd5 59. cxd5
c4 60. Kd4 b3 61. axb3 cxb3 62. Kc3 b2 63. Kc2 b1=Q+ 64. Kxb1 Kxd5 65. Nxf6+
Ke5 66. Ng8 Kxf5 67. h5 Kg5 68. h6 Kg6 1/2-1/2

[Event "59. BEM 2005"]
[Site "Dortmund"]
[Date "2005.03.17"]
[Round "9"]
[White "Schoppe, Hans-Werner"]
[Black "Rutmann, Ulrich"]
[Result "1/2-1/2"]
[WhiteElo "1201"]
[BlackElo "1379"]
[PlyCount "124"]
[EventDate "2005.??.??"]
[Source "SG Dortmund"]
[SourceDate "2004.12.16"]

1. d4 g6 2. Nf3 Bg7 3. e4 d6 4. Be3 Nf6 5. Nbd2 O-O 6. h3 Bd7 7. Bd3 c6 8. O-O
Re8 9. c3 e5 10. Bg5 exd4 11. cxd4 Qb6 12. Nc4 Qc7 13. Bf4 Nxe4 14. Bxe4 Rxe4
15. Bxd6 Qc8 16. Qd2 Qd8 17. Rfe1 Rxe1+ 18. Rxe1 Na6 19. Be7 Qc7 20. Bd6 Qc8
21. Qf4 Be6 22. Nce5 Qe8 23. Ng4 Qd7 24. Be5 Bxg4 25. hxg4 Nb4 26. Qe4 Re8 27.
g5 Nd5 28. Qc2 Qg4 29. Re4 Qf5 30. Re2 Qxc2 31. Rxc2 Nb4 32. Rc3 Bxe5 33. dxe5
Nd5 34. Rd3 Kf8 35. g3 Ke7 36. Rd4 Ke6 37. g4 c5 38. Rd2 b5 39. a3 a5 40. b3 c4
41. bxc4 bxc4 42. Re2 c3 43. Nd4+ Kd7 44. Nb3 Rb8 45. Nc5+ Kc6 46. Nd3 Rb1+ 47.
Kg2 Ra1 48. e6 fxe6 49. Rxe6+ Kd7 50. Re4 Rxa3 51. Rc4 c2 52. Ne5+ Ke6 53. Nc6
Rc3 54. Rxc3 Nxc3 55. Nd4+ Kd5 56. Nxc2 Kc4 57. f4 Kd3 58. Na3 Ke3 59. f5 gxf5
60. gxf5 Nd5 61. g6 hxg6 62. fxg6 Nf6 1/2-1/2